00502cam a2200193 450000100070000000500170000700800410002401000170006502000330008204000180011504100080013308000150014108200150015610000070017110100080017824500820018635000100026850400300027834581820180226035506.0710128s1972 dcua b 001 0 eng  a 76039698  a0815767706a0815767692 (pbk) aDLCcDLCdDLC aeng a388.4 OWE00a388.4 OWE1 a52 aEKO14aThe accessible cityc[by] Wilfred Owen with the assistance of Inai Bradfield. a$6.50 aBibliography: p. 141-143.